|
|
|
|
| LEADER |
00000nam0a2200000 4500 |
| 001 |
57777 |
| 005 |
20231031054442.0 |
| 035 |
|
|
|a (RuTPU)RU\TPU\book\61000
|
| 090 |
|
|
|a 57777
|
| 100 |
|
|
|a 20031117d1963 km y0rusy50 ca
|
| 101 |
0 |
|
|a rus
|
| 102 |
|
|
|a RU
|
| 105 |
|
|
|a a z 001zy
|
| 200 |
1 |
|
|a Сигналы телемеханики и их преобразования
|f Б. Я. Жуховицкий
|
| 210 |
|
|
|a Москва
|a Ленинград
|c Госэнергоиздат
|d 1963
|
| 215 |
|
|
|a 95 с.
|c ил.
|
| 225 |
1 |
|
|a Библиотека по автоматике
|v Вып. 81
|
| 320 |
|
|
|a Библиогр.: с. 94-95.
|
| 610 |
1 |
|
|a телесигнализация
|
| 610 |
1 |
|
|a телемеханика
|
| 610 |
1 |
|
|a сигналы
|
| 610 |
1 |
|
|a преобразования
|
| 610 |
1 |
|
|a модуляция
|
| 610 |
1 |
|
|a схемы
|
| 610 |
1 |
|
|a каналы связи
|
| 675 |
|
|
|a 621.398
|v 3
|
| 700 |
|
1 |
|a Жуховицкий
|b Б. Я.
|g Борис Яковлевич
|
| 801 |
|
1 |
|a RU
|b 63413507
|c 20031117
|g PSBO
|
| 801 |
|
2 |
|a RU
|b 63413507
|c 20150624
|g PSBO
|
| 942 |
|
|
|c BK
|